000 00942 a2200301 4500
001 200421968
003 TR-AnTOB
005 20251015073922.0
008 150513s tu 000 0
020 _a9786054628759
040 _aTR-AnTOB
_btur
_erda
_cTR-AnTOB
041 0 _atur
050 0 0 _aHV6626.23
_bT87 2015
090 _aHV6626.23 T87 2015
245 1 0 _aTürkiye’de kadına yönelik aile içi şiddet araştırması /
264 _aAnkara:
_bT.C. Aile ve Sosyal Politikalar Bakanlığı,
_c2015
300 _a542 s. ;
_c25 cm.
336 _atext
_2rdacontent
_btxt
337 _aunmediated
_2rdamedia
_bn
338 _avolume
_2rdacarrier
_bnc
650 0 0 _926484
_aKadın hakları
_zTürkiye
650 0 0 _975238
_aFamily violence
_zTurkey
650 0 0 _aAile içi şiddet
_9120049
650 0 0 _aWomen's rights
_zTurkey
_9106201
650 0 7 _aKadınlar
_zTürkiye
_xSosyal durum
_2etuturkob
_98192
942 _cBK
_2lcc
999 _c200421968
_d39067